| 000 | 00554cam a2200193u 4500 | ||
|---|---|---|---|
| 082 |
_a823 _bBUT _cL-29. P-19 |
||
| 100 | 1 |
_aButler, Samuel, _945969 |
|
| 245 | 0 | 4 | _aThe way of all flesh. |
| 260 |
_aCleveland, _bFine Editions Press _c[1952] |
||
| 300 |
_a371 p. _c21 cm. |
||
| 526 |
_a0 _b0 _c0 _d823_000000000000000_BUT |
||
| 650 | 0 |
_aChildren of clergy _945970 |
|
| 650 | 0 |
_aConflict of generations _945971 |
|
| 650 | 0 |
_aMCE _9379 |
|
| 650 | 0 |
_aMiddle class _945972 |
|
| 650 | 0 |
_aParent and child _945973 |
|
| 650 | 0 |
_aYoung men _927905 |
|
| 942 |
_2ddc _cBK |
||
| 999 |
_c549351 _d549351 |
||